000 00311nam a22001337a 4500
008 170425b xxu||||| |||| 00| 0 eng d
020 _a9780470001486
041 _aeng
080 _210TH
_a54
100 _a12
101 _aSHM
245 _aFOUNDATIONS OF CHEMISTRY IN THE LABORATORY
_cHEIN
942 _2udc
_cBK
999 _c11947
_d11947